000 00584nam a2200229Ia 4500
003 OSt
005 20220918225025.0
006 a|||||r|||| 00| 0
007 ta
008 220917b |||||||| |||| 00| 0 eng d
024 _a236,201
037 _cTextual
040 _aARTS
_cARTS
_beng
041 _2eng
_aeng
082 _aYZ.654'N59, K0
245 0 _aSocial welfare services of northern Nigeria
_b Annual report 1959 - 60
260 _c1960
300 _a8p.
_ccm.
650 _aSOCIOLOGY
942 _hYZ.654'N59, K0
_cTEXL
_2CC
999 _c283146
_d283146